000 01154nam a22003617a 4500
001 000107253
003 CHAP
005 20220817044536.0
008 120822s2011 mx a r 00010 spa d
010 _a103715
011 _a104687
020 _a9786071202192
035 _a115377
040 _cCHAP
082 0 4 _a633.74972
_bD53
245 0 0 _aDiagnóstico del cacao en México /
_c/por Carlos Hugo Avendaño Arrazate ...[et al.].
260 _aChapingo, Méx. :
_bUACH,
_c2011.
300 _a76 p. :
_bilus., cuadros.
590 _aBATCH-UPD
_b10
_c20130110
_lUCH01
_h0925
590 _aBATCH-UPD
_b10
_c20130410
_lUCH01
_h0546
590 _aBATCH-UPD
_b10
_c20130914
_lUCH01
_h0436
590 _aCONVERSION
_b10
_c20130109
_lUCH01
_h1357
590 _aE11695DGD
_b10
_c20140908
_lUCH01
_h1129
650 1 4 _aCacao
_xConservación
_zMéxico.
_9128217
650 1 4 _aCacao
_xMejoramiento.
_916955
650 1 4 _aCacao
_xMéxico.
_916961
650 1 4 _aGenética vegetal.
700 0 _aAvendaño Arrazate, Carlos Hugo.
_98562
901 _aBK
942 _cLIBRO
942 _n0
949 _a633.74972 D53
_bBC
_cUACH
_d33724002345033
_eUACH
_h117304
_i115377
_st
999 _c103715
_d103715